<?xml version="1.0" encoding="UTF-8"?>
<collection xmlns="http://www.loc.gov/MARC21/slim">
 <record>
  <leader>01100nam a2200277 a 4500</leader>
  <controlfield tag="001">TVCDKTCT22913</controlfield>
  <controlfield tag="003">CT</controlfield>
  <controlfield tag="005">20170523102604.9</controlfield>
  <controlfield tag="008">150202syyyy    vn                       </controlfield>
  <datafield tag="980" ind1="\" ind2="\">
   <subfield code="a">Thư viện Trường CĐ Kỹ Thuật Cao Thắng</subfield>
  </datafield>
  <datafield tag="024" ind1=" " ind2=" ">
   <subfield code="a">RG_1 #1 eb0 i1</subfield>
  </datafield>
  <datafield tag="020" ind1="#" ind2="#">
   <subfield code="a">9786049112799 </subfield>
   <subfield code="c">88.000Đ</subfield>
  </datafield>
  <datafield tag="041" ind1="0" ind2="#">
   <subfield code="a">vie</subfield>
  </datafield>
  <datafield tag="082" ind1="#" ind2="#">
   <subfield code="a">004.01 </subfield>
   <subfield code="b">T312T</subfield>
  </datafield>
  <datafield tag="100" ind1="1" ind2="#">
   <subfield code="a">Nguyễn Đức Nghĩa </subfield>
  </datafield>
  <datafield tag="245" ind1="1" ind2="0">
   <subfield code="a">Tính toán khoa học / </subfield>
   <subfield code="c">Nguyễn Đức Nghĩa</subfield>
  </datafield>
  <datafield tag="250" ind1="#" ind2="#">
   <subfield code="a">Lần thứ nhất</subfield>
  </datafield>
  <datafield tag="260" ind1="#" ind2="#">
   <subfield code="a">H. : </subfield>
   <subfield code="b">Bách Khoa Hà Nội , </subfield>
   <subfield code="c">2013</subfield>
  </datafield>
  <datafield tag="300" ind1=" " ind2=" ">
   <subfield code="a">408 tr. ; </subfield>
   <subfield code="c">24  c</subfield>
  </datafield>
  <datafield tag="520" ind1="#" ind2="#">
   <subfield code="a">Giáo trình được Tính toán khoa học biên soạn dựa trên nội dung các bài giảng mà tác giả sử dụng để giảng dạy cho sinh viên ngành CNTT, nội dung giáo trình gồm 9 chương</subfield>
  </datafield>
  <datafield tag="541" ind1="#" ind2="#">
   <subfield code="a">Mua</subfield>
  </datafield>
  <datafield tag="650" ind1="#" ind2="4">
   <subfield code="a">Giáo trình</subfield>
  </datafield>
  <datafield tag="650" ind1="#" ind2="4">
   <subfield code="a">Thuật toán</subfield>
  </datafield>
  <datafield tag="650" ind1="#" ind2="4">
   <subfield code="a">Toán tin</subfield>
  </datafield>
  <datafield tag="721" ind1="#" ind2="#">
   <subfield code="a">Công nghệ thông tin</subfield>
  </datafield>
  <datafield tag="841" ind1="#" ind2="#">
   <subfield code="b">Kho Sách </subfield>
   <subfield code="j">100044640, 100044660, 100044665, 100044671, 100044675</subfield>
  </datafield>
 </record>
</collection>
